[Event "DEM U18w 2003"]
[Site "Willingen GER"]
[Date "2003.06.10"]
[Round "5"]
[White "Kopietz, Simone"]
[Black "Wald, Elena"]
[Result "1-0"]
[Termination "normal"]
[Board "14"]
[WhiteElo "1477"]
[BlackElo "1507"]
[PlyCount "113"]
[EventCountry "GER"]
[EventRounds "9"]
[EventType "swiss"]
[EventDate "2003.06.07"]

1. e4 c6 2. d4 d5 3. e5 Bf5 4. Ne2 h6 5. Ng3 Bh7 6. Nc3 e6 7. Bd3 Bxd3 8. Qxd3
Ne7 9. O-O Nd7 10. f4 Nb6 11. f5 exf5 12. Nxf5 Nxf5 13. Qxf5 Qd7 14. b3 Qxf5
15. Rxf5 Be7 16. Bd2 O-O 17. Re1 Rae8 18. Nd1 f6 19. Nf2 fxe5 20. Rfxe5 Kf7 21.
Ng4 Nd7 22. Rf5+ Nf6 23. Ne5+ Kg8 24. Ng6 Rf7 25. Rfe5 Ne4 26. Bb4 Bxb4 27.
Rxe8+ Kh7 28. Ne5 Bxe1 29. Nxf7 Bf2+ 30. Kf1 Bxd4 31. Nd8 Nd6 32. Re7 Nf5 33.
Rxb7 Ne3+ 34. Ke2 Nxg2 35. Nxc6 Bb6 36. Nxa7 Bg1 37. Kf1 Bxa7 38. Rxa7 Ne3+ 39.
Kf2 Nxc2 40. Rd7 d4 41. Ke2 Kg6 42. Kd2 Ne3 43. Rxd4 Nf1+ 44. Ke2 Nxh2 45. a4
Kf5 46. a5 g5 47. a6 g4 48. Rxg4 Nxg4 49. a7 h5 50. a8=Q h4 51. Qf3+ Kg5 52.
Qg2 Kf4 53. Qh3 Kg5 54. Kd2 Nf6 55. Kd3 Ng4 56. Kd4 Nf6 57. b4 1-0

[Event "DEM U18w 2003"]
[Site "Willingen GER"]
[Date "2003.06.11"]
[Round "6"]
[White "Häcker, Sonja"]
[Black "Czäczine, Anne"]
[Result "1-0"]
[Termination "normal"]
[Board "1"]
[WhiteElo "2002"]
[BlackElo "2072"]
[PlyCount "63"]
[WhiteFideId "4680928"]
[BlackFideId "4679326"]
[EventCountry "GER"]
[EventRounds "9"]
[EventType "swiss"]
[EventDate "2003.06.07"]

1. e4 c5 2. Nc3 Nc6 3. Nf3 g6 4. d4 cxd4 5. Nxd4 Bg7 6. Be3 Nf6 7. Be2 O-O 8.
Nb3 d6 9. O-O Bd7 10. f4 a5 11. a4 Nb4 12. Kh1 Bc6 13. Bf3 Nd7 14. g4 Nb6 15.
Qe2 Qc7 16. Nd4 Nd7 17. Qf2 e5 18. Nxc6 bxc6 19. f5 gxf5 20. gxf5 Nf6 21. Rg1
Kh8 22. Qh4 Rg8 23. Rxg7 Rxg7 24. Qxf6 Qd8 25. Bg5 Nxc2 26. Qxd8+ Rxd8 27. Bxd8
Nxa1 28. Bf6 Nb3 29. Bxg7+ Kxg7 30. Kg2 Nc5 31. Be2 Kf6 32. Bc4 1-0

[Event "DEM U18w 2003"]
[Site "Willingen GER"]
[Date "2003.06.11"]
[Round "6"]
[White "Vaideslaver, Olga"]
[Black "Janotta, Steffi"]
[Result "1-0"]
[Termination "normal"]
[Board "2"]
[WhiteElo "1787"]
[BlackElo "1768"]
[PlyCount "49"]
[BlackFideId "4696344"]
[EventCountry "GER"]
[EventRounds "9"]
[EventType "swiss"]
[EventDate "2003.06.07"]

1. g3 d5 2. Bg2 c6 3. Nf3 Nf6 4. O-O Bf5 5. d3 e6 6. Nfd2 h6 7. e4 Bh7 8. e5
Nfd7 9. Qe2 Be7 10. Nf3 O-O 11. Nbd2 c5 12. h4 Nc6 13. Re1 Qc7 14. Nf1 b5 15.
b3 a5 16. a4 bxa4 17. Rxa4 Nb6 18. Rg4 Bf5 19. Rf4 g5 20. hxg5 hxg5 21. Nxg5
Nd4 22. Qh5 Bg6 23. Qh6 Bxg5 24. Qxg5 Nxc2 25. Rh4 1-0

[Event "DEM U18w 2003"]
[Site "Willingen GER"]
[Date "2003.06.11"]
[Round "6"]
[White "Fey, Franziska"]
[Black "Mass, Elvira"]
[Result "0-1"]
[Termination "normal"]
[Board "3"]
[WhiteElo "2045"]
[BlackElo "1733"]
[PlyCount "68"]
[WhiteFideId "4672992"]
[BlackFideId "4695623"]
[EventCountry "GER"]
[EventRounds "9"]
[EventType "swiss"]
[EventDate "2003.06.07"]

1. d4 d5 2. c4 e6 3. Nc3 Be7 4. Nf3 Nf6 5. Bg5 h6 6. Bh4 O-O 7. e3 b6 8. Be2
Bb7 9. Bxf6 Bxf6 10. cxd5 exd5 11. b4 Qe7 12. Qb3 Rd8 13. O-O c6 14. Rac1 Nd7
15. Rfd1 Nf8 16. Bd3 Ne6 17. Bb1 Rac8 18. a4 c5 19. bxc5 bxc5 20. a5 cxd4 21.
exd4 Qd7 22. g3 Ng5 23. Nxg5 Bxg5 24. Rc2 Ba6 25. Rb2 Qg4 26. Na4 Bc4 27. Qc2
g6 28. Nc5 Re8 29. Qa4 Re2 30. Rxe2 Bxe2 31. Re1 Bf3 32. Qd7 Qxd7 33. Nxd7 Bd2
34. Bxg6 Bxe1 0-1

[Event "DEM U18w 2003"]
[Site "Willingen GER"]
[Date "2003.06.11"]
[Round "6"]
[White "Morgenstern, Petra"]
[Black "Seeger, Franziska"]
[Result "1/2-1/2"]
[Termination "normal"]
[Board "4"]
[WhiteElo "2119"]
[BlackElo "2117"]
[PlyCount "39"]
[WhiteFideId "4690710"]
[BlackFideId "4690982"]
[EventCountry "GER"]
[EventRounds "9"]
[EventType "swiss"]
[EventDate "2003.06.07"]

1. d4 d5 2. c4 e6 3. Nf3 Nf6 4. g3 c6 5. Bg2 Nbd7 6. Qc2 Bd6 7. O-O O-O 8. Rd1
Qe7 9. Nbd2 Re8 10. e4 dxe4 11. Nxe4 Nxe4 12. Qxe4 e5 13. dxe5 Nxe5 14. Nxe5
Bxe5 15. Bf4 Bf6 16. Qc2 Qb4 17. Rd2 Be6 18. c5 Rad8 19. Bd6 g6 20. a3 1/2-1/2

[Event "DEM U18w 2003"]
[Site "Willingen GER"]
[Date "2003.06.11"]
[Round "6"]
[White "Schöne, Maria"]
[Black "Hofmann, Annett"]
[Result "1-0"]
[Termination "normal"]
[Board "5"]
[WhiteElo "2029"]
[BlackElo "1844"]
[PlyCount "39"]
[WhiteFideId "4681410"]
[BlackFideId "24603759"]
[EventCountry "GER"]
[EventRounds "9"]
[EventType "swiss"]
[EventDate "2003.06.07"]

1. e4 c5 2. Nf3 d6 3. d4 cxd4 4. Nxd4 Nf6 5. Nc3 a6 6. Be3 e6 7. Be2 b5 8. Bf3
b4 9. e5 d5 10. exf6 bxc3 11. bxc3 Qa5 12. O-O Qxc3 13. Nxe6 fxe6 14. Bxd5 exd5
15. Qxd5 Qc7 16. Rfe1 Be6 17. Qxe6+ Be7 18. Bb6 Qd7 19. Qxe7+ Qxe7 20. Rxe7+
1-0

[Event "DEM U18w 2003"]
[Site "Willingen GER"]
[Date "2003.06.11"]
[Round "6"]
[White "Beltz, Franziska"]
[Black "Bloß, Steffi"]
[Result "1/2-1/2"]
[Termination "normal"]
[Board "6"]
[WhiteElo "2010"]
[BlackElo "1710"]
[PlyCount "67"]
[WhiteFideId "4681401"]
[EventCountry "GER"]
[EventRounds "9"]
[EventType "swiss"]
[EventDate "2003.06.07"]

1. e4 c5 2. Nf3 Nc6 3. d4 cxd4 4. Nxd4 Nf6 5. Nc3 e5 6. Ndb5 d6 7. Bg5 a6 8.
Na3 b5 9. Nd5 Be7 10. Bxf6 Bxf6 11. c3 Rb8 12. Nc2 a5 13. a3 Bg5 14. Be2 O-O
15. O-O Ne7 16. Nce3 Kh8 17. Qd3 g6 18. Rad1 f5 19. exf5 Nxf5 20. Bf3 Bxe3 21.
Nxe3 Rb6 22. Nd5 Rb8 23. Kh1 Ng7 24. Be4 Ne6 25. Qg3 Bb7 26. Rd2 Ng5 27. Bc2
Ne6 28. Rfd1 Ng7 29. Ne3 Nh5 30. Qg4 Bc8 31. Qe4 Bb7 32. Qg4 Bc8 33. Qe4 Bb7
34. Qg4 1/2-1/2

[Event "DEM U18w 2003"]
[Site "Willingen GER"]
[Date "2003.06.11"]
[Round "6"]
[White "Horstmann, Astrid"]
[Black "Auburger, Kristin"]
[Result "1/2-1/2"]
[Termination "normal"]
[Board "7"]
[WhiteElo "1993"]
[BlackElo "1728"]
[PlyCount "137"]
[WhiteFideId "4698584"]
[BlackFideId "24620726"]
[EventCountry "GER"]
[EventRounds "9"]
[EventType "swiss"]
[EventDate "2003.06.07"]

1. c4 e5 2. Nc3 Nc6 3. g3 g6 4. Bg2 Bg7 5. d3 d6 6. e3 Nge7 7. Nge2 O-O 8. O-O
Be6 9. Nd5 Qd7 10. Rb1 f5 11. b4 a6 12. a4 Nd8 13. b5 axb5 14. axb5 Rb8 15. Qa4
Nf7 16. Qa7 Bxd5 17. Bxd5 Nxd5 18. cxd5 b6 19. Qa4 Ra8 20. Qc4 Ra7 21. Bb2 Rfa8
22. Nc3 Ng5 23. f4 Nf7 24. Ra1 Rxa1 25. Bxa1 Re8 26. Na2 Nh6 27. h3 exf4 28.
Bxg7 Qxg7 29. exf4 Qb2 30. Nc3 Re3 31. Qa2 Rxg3+ 32. Kh1 Rxh3+ 33. Kg1 Qxa2 34.
Nxa2 Rxd3 35. Nb4 Rb3 36. Nc6 Rxb5 37. Re1 Kf8 38. Re7 Rxd5 39. Rxc7 Nf7 40.
Rc8+ Kg7 41. Rb8 Rd1+ 42. Kf2 Ra1 43. Rb7 Ra8 44. Rxb6 h5 45. Nd4 Kf6 46. Nb5
Rd8 47. Nc7 Rd7 48. Nd5+ Kg7 49. Kg3 Ra7 50. Rb3 Ra5 51. Rd3 Kh6 52. Kh4 Ra4
53. Kg3 g5 54. fxg5+ Kxg5 55. Nc7 Rg4+ 56. Kh3 Rh4+ 57. Kg2 Re4 58. Nb5 h4 59.
Nxd6 Nxd6 60. Rxd6 Kf4 61. Ra6 Rd4 62. Ra8 Ke3 63. Re8+ Re4 64. Ra8 Rd4 65.
Re8+ Kd3 66. Kf3 Kd2 67. Rf8 Rd5 68. Rh8 h3 69. Kf4 1/2-1/2

[Event "DEM U18w 2003"]
[Site "Willingen GER"]
[Date "2003.06.11"]
[Round "6"]
[White "Brethauer, Sarah"]
[Black "Blodig, Carolin"]
[Result "1/2-1/2"]
[Termination "normal"]
[Board "8"]
[WhiteElo "1646"]
[BlackElo "1946"]
[PlyCount "119"]
[WhiteFideId "24605220"]
[BlackFideId "4692012"]
[EventCountry "GER"]
[EventRounds "9"]
[EventType "swiss"]
[EventDate "2003.06.07"]

1. e4 d5 2. exd5 Qxd5 3. Nc3 Qa5 4. Bc4 Nf6 5. d3 c6 6. Bd2 Qc7 7. Qe2 Bf5 8.
h3 Nbd7 9. g4 Bg6 10. f4 h6 11. O-O-O Nb6 12. Bb3 Nbd5 13. f5 Bh7 14. Nf3 O-O-O
15. Rde1 g6 16. Ne5 e6 17. fxe6 fxe6 18. Rhf1 Bg7 19. Nf3 Rde8 20. g5 hxg5 21.
Nxg5 Bg8 22. Qf2 b6 23. Ne2 Bh6 24. h4 e5 25. c4 Ng4 26. Qg3 Ndf6 27. Ne4 Bxd2+
28. Nxd2 Be6 29. Nf3 Bf5 30. Bc2 Nh5 31. Qg1 Nf4 32. Nxf4 exf4 33. Rxe8+ Rxe8
34. Nd4 Ne3 35. Re1 Qd7 36. Nxf5 Qxf5 37. Qf2 Rh8 38. Qf3 Kc7 39. Ba4 b5 40.
cxb5 cxb5 41. Bxb5 Qc5+ 42. Kb1 Qc2+ 43. Ka1 Rxh4 44. a4 a6 45. Be8 g5 46. Qe4
Qc5 47. Kb1 Rh2 48. Rc1 Rc2 49. Rxc2 Qxc2+ 50. Ka2 Qc5 51. Qh7+ Kb8 52. Qh8
Qd5+ 53. Ka1 Qd4 54. Qf8 g4 55. Bb5+ Kc7 56. Qe7+ Kb6 57. Qe6+ Kc7 58. Qe7+ Kb6
59. Qe6+ Kc7 60. Qe7+ 1/2-1/2

[Event "DEM U18w 2003"]
[Site "Willingen GER"]
[Date "2003.06.11"]
[Round "6"]
[White "Zhang, Fan"]
[Black "Stejskal, Janina Maria"]
[Result "1-0"]
[Termination "normal"]
[Board "9"]
[WhiteElo "1896"]
[BlackElo "1744"]
[PlyCount "103"]
[WhiteFideId "24609730"]
[BlackFideId "24601942"]
[EventCountry "GER"]
[EventRounds "9"]
[EventType "swiss"]
[EventDate "2003.06.07"]

1. d4 Nf6 2. Nf3 g6 3. Bf4 Bg7 4. e3 O-O 5. Be2 d5 6. h3 c5 7. c3 Nbd7 8. Nbd2
b6 9. O-O Bb7 10. Qb3 Ne4 11. Rfd1 Qc8 12. a4 Re8 13. Bb5 Bc6 14. Ng5 Nxg5 15.
Bxg5 e5 16. dxe5 Nxe5 17. Be2 Qb7 18. Bf1 h6 19. Bh4 a6 20. Qc2 b5 21. Nb3 Nd7
22. Na5 Qb6 23. Nxc6 Qxc6 24. Qd3 Re4 25. Bg3 Rxa4 26. Rxa4 bxa4 27. Qxd5 Qxd5
28. Rxd5 Ra7 29. Bxa6 Rxa6 30. Rxd7 a3 31. bxa3 Rxa3 32. c4 Rc3 33. Rd8+ Kh7
34. Rc8 Rxc4 35. Kf1 Rc1+ 36. Ke2 Bb2 37. Kd2 g5 38. Be5 Bxe5 39. Kxc1 Bd6 40.
Kc2 Kg7 41. Kc3 Kf6 42. Kc4 h5 43. Kd5 Be7 44. e4 Kg7 45. g3 Kf6 46. f4 gxf4
47. gxf4 Kg7 48. Rxc5 Bxc5 49. Kxc5 Kf8 50. Kd6 Ke8 51. h4 Kd8 52. Ke5 1-0

[Event "DEM U18w 2003"]
[Site "Willingen GER"]
[Date "2003.06.11"]
[Round "6"]
[White "Kopietz, Simone"]
[Black "Zabarska, Natalia"]
[Result "1/2-1/2"]
[Termination "normal"]
[Board "10"]
[WhiteElo "1477"]
[BlackElo "1663"]
[PlyCount "29"]
[BlackFideId "24608009"]
[EventCountry "GER"]
[EventRounds "9"]
[EventType "swiss"]
[EventDate "2003.06.07"]

1. e4 e6 2. d4 d5 3. exd5 exd5 4. Bd3 Bd6 5. Nf3 Nf6 6. Nc3 O-O 7. O-O Bg4 8.
Bg5 c6 9. h3 Bh5 10. g4 Bg6 11. Ne5 Re8 12. Nxg6 fxg6 13. Qf3 Rf8 14. Qg2 Nbd7
15. Rae1 1/2-1/2

[Event "DEM U18w 2003"]
[Site "Willingen GER"]
[Date "2003.06.11"]
[Round "6"]
[White "Becker, Natalie"]
[Black "Rath, Alina"]
[Result "1/2-1/2"]
[Termination "normal"]
[Board "11"]
[WhiteElo "1597"]
[BlackElo "1579"]
[PlyCount "59"]
[BlackFideId "24607886"]
[EventCountry "GER"]
[EventRounds "9"]
[EventType "swiss"]
[EventDate "2003.06.07"]

1. c4 c5 2. g3 g6 3. Bg2 Bg7 4. Nf3 d6 5. Nc3 Nc6 6. O-O e5 7. d3 Nge7 8. Rb1
Be6 9. Ng5 d5 10. Nxe6 fxe6 11. Bd2 O-O 12. b3 b6 13. Qc1 Rc8 14. Bg5 Qd7 15.
h3 d4 16. Ne4 Nf5 17. g4 Nd6 18. a3 a5 19. Bh4 Nxe4 20. Bxe4 Qf7 21. Bg3 Qe7
22. Qd2 Bf6 23. Qb2 Bh4 24. Bh2 Qd6 25. f3 Bg5 26. Kg2 Bf4 27. Rfd1 Kg7 28. Bg3
Bxg3 29. Kxg3 Rf7 30. Qd2 1/2-1/2

[Event "DEM U18w 2003"]
[Site "Willingen GER"]
[Date "2003.06.11"]
[Round "6"]
[White "Lunz, Pia"]
[Black "Thiery, Jennifer"]
[Result "1/2-1/2"]
[Termination "normal"]
[Board "12"]
[WhiteElo "1593"]
[BlackElo "1738"]
[PlyCount "53"]
[EventCountry "GER"]
[EventRounds "9"]
[EventType "swiss"]
[EventDate "2003.06.07"]

1. d4 d5 2. c4 c6 3. e3 Nf6 4. Nf3 e6 5. Nc3 Bd6 6. Bd3 dxc4 7. Bxc4 b5 8. Bd3
a6 9. O-O O-O 10. a4 Bb7 11. e4 Be7 12. Bg5 Nbd7 13. Qc2 h6 14. Be3 Qc7 15. h3
e5 16. Ne2 exd4 17. Nexd4 Rac8 18. Nf5 Rfe8 19. Rfc1 Bd6 20. Qd2 Bf8 21. axb5
axb5 22. Bxb5 Nxe4 23. Qc2 c5 24. Nd2 Nxd2 25. Qxd2 Red8 26. Qc3 Qe5 27. Ng3
1/2-1/2

[Event "DEM U18w 2003"]
[Site "Willingen GER"]
[Date "2003.06.11"]
[Round "6"]
[White "Buncke, Johanna"]
[Black "Lobe, Sandra"]
[Result "0-1"]
[Termination "normal"]
[Board "13"]
[WhiteElo "1535"]
[BlackElo "1473"]
[PlyCount "78"]
[EventCountry "GER"]
[EventRounds "9"]
[EventType "swiss"]
[EventDate "2003.06.07"]

1. e4 c5 2. Nf3 Nc6 3. d4 cxd4 4. Nxd4 Nf6 5. Nc3 g6 6. Bc4 Bg7 7. Be3 O-O 8.
O-O d6 9. h3 Qc7 10. Be2 a6 11. Qd2 Bd7 12. Rad1 Rfd8 13. a3 Ne5 14. b3 Rac8
15. Nd5 Nxd5 16. exd5 Be8 17. c4 Nd7 18. Rfe1 Nc5 19. b4 Ne4 20. Qc2 Nf6 21.
Rc1 Qb8 22. Qb3 Bd7 23. Rc2 b5 24. c5 dxc5 25. bxc5 Nxd5 26. Qxd5 Bf5 27. Qb3
Bxd4 28. Rcc1 Bxe3 29. Qxe3 Qc7 30. Bf3 Be6 31. Qc3 Qa7 32. Qb4 Bd5 33. Bxd5
Rxd5 34. c6 e6 35. Red1 Rxd1+ 36. Rxd1 Qb6 37. Rd7 Qxc6 38. Qe7 Qc1+ 39. Kh2
Qf4+ 0-1

[Event "DEM U18w 2003"]
[Site "Willingen GER"]
[Date "2003.06.11"]
[Round "6"]
[White "Wald, Elena"]
[Black "Köditz, Katja"]
[Result "1/2-1/2"]
[Termination "normal"]
[Board "14"]
[WhiteElo "1507"]
[BlackElo "1681"]
[PlyCount "90"]
[EventCountry "GER"]
[EventRounds "9"]
[EventType "swiss"]
[EventDate "2003.06.07"]

1. d4 Nf6 2. Nf3 g6 3. e3 Bg7 4. Bd3 O-O 5. O-O d6 6. Nbd2 Nbd7 7. c3 Re8 8. e4
e5 9. Qb3 Nb6 10. Ng5 d5 11. dxe5 Rxe5 12. f4 Re8 13. e5 Nfd7 14. Qd1 Nxe5 15.
fxe5 Qxg5 16. Nf3 Qe7 17. Bf4 c6 18. Re1 Be6 19. Nd4 Nd7 20. Qd2 Nc5 21. Bg5
Qd7 22. Bf6 Nxd3 23. Qxd3 c5 24. Nf3 Bf5 25. Qd2 Rac8 26. Rad1 Be6 27. Qf2 b6
28. Qh4 Bg4 29. Bxg7 Kxg7 30. Qf6+ Kg8 31. Qd6 Qxd6 32. exd6 Rxe1+ 33. Rxe1 Rd8
34. Re7 Rxd6 35. Rxa7 Bxf3 36. gxf3 Kg7 37. Kf2 Kf6 38. Ke3 h5 39. b4 c4 40. a4
Ke6 41. Kd4 g5 42. h3 f6 43. Rh7 h4 44. Ra7 Kf5 45. a5 bxa5 1/2-1/2

[Event "DEM U18w 2003"]
[Site "Willingen GER"]
[Date "2003.06.12"]
[Round "7"]
[White "Häcker, Sonja"]
[Black "Vaideslaver, Olga"]
[Result "1/2-1/2"]
[Termination "normal"]
[Board "1"]
[WhiteElo "2002"]
[BlackElo "1787"]
[PlyCount "91"]
[WhiteFideId "4680928"]
[EventCountry "GER"]
[EventRounds "9"]
[EventType "swiss"]
[EventDate "2003.06.07"]

1. e4 d6 2. d4 Nf6 3. Nc3 c6 4. Nf3 Bg4 5. Be2 e6 6. O-O Be7 7. Be3 d5 8. e5
Nfd7 9. Qd2 c5 10. Nd1 cxd4 11. Bxd4 Nc6 12. Re1 Bxf3 13. Bxf3 O-O 14. c3 Bg5
15. Qe2 Bf4 16. Qb5 Ndxe5 17. Be2 b6 18. Qa4 Bh6 19. Bb5 Nxd4 20. cxd4 Ng6 21.
Ne3 a5 22. Rac1 Rc8 23. Rc6 Rxc6 24. Bxc6 Qc7 25. Rc1 Rc8 26. Rc3 Qd6 27. Nd1
Bd2 28. Bb7 Bxc3 29. Bxc8 Bd2 30. Bd7 h6 31. Nc3 Nf4 32. Bb5 e5 33. g3 Qg6 34.
Qd1 exd4 35. Qxd2 dxc3 36. bxc3 Qb1+ 37. Bf1 Nh3+ 38. Kg2 Ng5 39. Bd3 Qa1 40.
Qe2 g6 41. Qe8+ Kh7 42. h4 Qxc3 43. hxg5 Qxd3 44. Qxf7+ Kh8 45. Qf6+ Kh7 46.
Qf7+ 1/2-1/2

[Event "DEM U18w 2003"]
[Site "Willingen GER"]
[Date "2003.06.12"]
[Round "7"]
[White "Mass, Elvira"]
[Black "Czäczine, Anne"]
[Result "1-0"]
[Termination "normal"]
[Board "2"]
[WhiteElo "1733"]
[BlackElo "2072"]
[PlyCount "49"]
[WhiteFideId "4695623"]
[BlackFideId "4679326"]
[EventCountry "GER"]
[EventRounds "9"]
[EventType "swiss"]
[EventDate "2003.06.07"]

1. e4 c5 2. c3 d5 3. exd5 Qxd5 4. d4 Nf6 5. Nf3 Bg4 6. Nbd2 Nc6 7. Bc4 Bxf3 8.
Qb3 Bxg2 9. Bxd5 Bxd5 10. Qxb7 Rb8 11. Qc7 Bxh1 12. f3 e6 13. Qxc6+ Kd8 14. Kf2
cxd4 15. Kg1 dxc3 16. Qxc3 Bb4 17. Qd4+ Ke7 18. Qxa7+ Nd7 19. Kxh1 Rhc8 20. b3
Ra8 21. Qe3 Bc3 22. Rb1 Rxa2 23. Nc4 Bf6 24. Ba3+ Kd8 25. Rd1 1-0

[Event "DEM U18w 2003"]
[Site "Willingen GER"]
[Date "2003.06.12"]
[Round "7"]
[White "Bloß, Steffi"]
[Black "Schöne, Maria"]
[Result "1/2-1/2"]
[Termination "normal"]
[Board "3"]
[WhiteElo "1710"]
[BlackElo "2029"]
[PlyCount "119"]
[BlackFideId "4681410"]
[EventCountry "GER"]
[EventRounds "9"]
[EventType "swiss"]
[EventDate "2003.06.07"]

1. d4 Nf6 2. c4 g6 3. Nc3 Bg7 4. e4 d6 5. f3 O-O 6. Be3 a6 7. Qd2 Nbd7 8. Nh3
c5 9. Nf2 cxd4 10. Bxd4 Ne5 11. Be2 Be6 12. b3 Rc8 13. O-O Qa5 14. Rfd1 Nc6 15.
Bxf6 Bxf6 16. Rac1 Bg7 17. Nd3 Rfe8 18. Kh1 Nd4 19. b4 Qd8 20. c5 a5 21. cxd6
axb4 22. Nb1 Qxd6 23. Bf1 b3 24. Rxc8 Rxc8 25. axb3 Nxb3 26. Qe2 Qc6 27. Nb4
Qc5 28. Nd3 Qc2 29. Nf4 Qxe2 30. Nxe2 Bc4 31. Nf4 Bxf1 32. Rxf1 Rc1 33. Rxc1
Nxc1 34. Nd5 e6 35. Ndc3 Kf8 36. Kg1 Nd3 37. g3 Ke7 38. Kf1 Kd6 39. Ke2 Nc5 40.
Nd1 Na4 41. Nd2 Kc5 42. Kd3 b5 43. f4 Nb6 44. e5 Nc4 45. Ne4+ Kb4 46. Ng5 Bf8
47. Nxf7 Be7 48. Nh6 Kb3 49. Ng4 Bc5 50. Nf6 Bg1 51. Nxh7 Bxh2 52. Nf8 Bxg3 53.
Nxg6 Nb2+ 54. Nxb2 Kxb2 55. Nf8 Bxf4 56. Nxe6 Bxe5 57. Nc5 Bd6 58. Ne6 b4 59.
Nd4 Bc5 60. Nc6 1/2-1/2

[Event "DEM U18w 2003"]
[Site "Willingen GER"]
[Date "2003.06.12"]
[Round "7"]
[White "Seeger, Franziska"]
[Black "Fey, Franziska"]
[Result "0-1"]
[Termination "normal"]
[Board "5"]
[WhiteElo "2117"]
[BlackElo "2045"]
[PlyCount "60"]
[WhiteFideId "4690982"]
[BlackFideId "4672992"]
[EventCountry "GER"]
[EventRounds "9"]
[EventType "swiss"]
[EventDate "2003.06.07"]

1. e4 c5 2. Nf3 Nc6 3. d4 cxd4 4. Nxd4 g6 5. Be3 Bg7 6. Nc3 Nf6 7. Be2 O-O 8.
O-O d5 9. exd5 Nb4 10. d6 Qxd6 11. Ncb5 Qb8 12. c3 Nbd5 13. Bd2 a6 14. Na3 e5
15. Nf3 Rd8 16. Qc1 Be6 17. Nc4 Ne4 18. Be3 b5 19. Na5 Qc7 20. Nb3 Rac8 21. Ng5
Nxg5 22. Bxg5 f6 23. Bh6 Nf4 24. Bxf4 exf4 25. Nd4 Bd5 26. a4 Bc4 27. Bxc4+
Qxc4 28. axb5 axb5 29. Qxf4 f5 30. Ne6 Qxe6 0-1

[Event "DEM U18w 2003"]
[Site "Willingen GER"]
[Date "2003.06.12"]
[Round "7"]
[White "Blodig, Carolin"]
[Black "Beltz, Franziska"]
[Result "1-0"]
[Termination "normal"]
[Board "6"]
[WhiteElo "1946"]
[BlackElo "2010"]
[PlyCount "83"]
[WhiteFideId "4692012"]
[BlackFideId "4681401"]
[EventCountry "GER"]
[EventRounds "9"]
[EventType "swiss"]
[EventDate "2003.06.07"]

1. e4 c5 2. Nc3 d6 3. g3 g6 4. Bg2 Bg7 5. d3 Nc6 6. Be3 e6 7. Qd2 Qa5 8. f4
Nge7 9. Nf3 Nd4 10. O-O O-O 11. Nh4 f5 12. Qf2 Rb8 13. Nd1 b5 14. a3 b4 15. Nf3
Nec6 16. Nd2 b3 17. cxb3 Qc7 18. Rc1 Ba6 19. e5 dxe5 20. Rxc5 Qd7 21. Nc4 exf4
22. Bxf4 Rxb3 23. Bxc6 Nxc6 24. Qc2 Nd4 25. Qd2 Rc8 26. Rxc8+ Qxc8 27. Nde3 Qc5
28. Kg2 e5 29. Bg5 e4 30. dxe4 Bb7 31. Kh3 Bxe4 32. Rc1 Qf8 33. Qa5 Rb8 34.
Qxa7 f4 35. gxf4 Qc8+ 36. Kg3 Ne2+ 37. Kf2 Nxc1 38. Nd6 Qb7 39. Nxb7 Nd3+ 40.
Kg1 Rxb7 41. Qa4 Bf5 42. Nxf5 1-0

[Event "DEM U18w 2003"]
[Site "Willingen GER"]
[Date "2003.06.12"]
[Round "7"]
[White "Hofmann, Annett"]
[Black "Horstmann, Astrid"]
[Result "1-0"]
[Termination "time forfeit"]
[Board "7"]
[WhiteElo "1844"]
[BlackElo "1993"]
[PlyCount "79"]
[WhiteFideId "24603759"]
[BlackFideId "4698584"]
[EventCountry "GER"]
[EventRounds "9"]
[EventType "swiss"]
[EventDate "2003.06.07"]

1. e4 c5 2. Nf3 e6 3. d4 cxd4 4. Nxd4 a6 5. Bd3 Qc7 6. O-O Nf6 7. Qe2 d6 8. c4
Be7 9. Nc3 O-O 10. f4 Nbd7 11. Rf3 Re8 12. Kh1 Bf8 13. Rg3 e5 14. fxe5 Nxe5 15.
Bg5 Bg4 16. Qf1 Nh5 17. Re3 Be6 18. b3 b5 19. Be2 b4 20. Bxh5 bxc3 21. Rxc3 h6
22. Bh4 Qa5 23. Rcc1 Nxc4 24. Nxe6 Qxh5 25. Nc7 Rxe4 26. Rxc4 Rxc4 27. Qxc4 Rc8
28. Bg3 Qa5 29. Rc1 Qa3 30. Bf4 g5 31. Be3 a5 32. Qg4 Rb8 33. Rc2 Bg7 34. Nd5
Ra8 35. h4 a4 36. Bc1 axb3 37. Rc8+ Bf8 38. Bxa3 bxa2 39. Ne7+ Kh7 40. Qf5+ 1-0

[Event "DEM U18w 2003"]
[Site "Willingen GER"]
[Date "2003.06.12"]
[Round "7"]
[White "Zabarska, Natalia"]
[Black "Brethauer, Sarah"]
[Result "0-1"]
[Termination "normal"]
[Board "9"]
[WhiteElo "1663"]
[BlackElo "1646"]
[PlyCount "112"]
[WhiteFideId "24608009"]
[BlackFideId "24605220"]
[EventCountry "GER"]
[EventRounds "9"]
[EventType "swiss"]
[EventDate "2003.06.07"]

1. e4 c5 2. Nc3 e6 3. f4 d5 4. e5 Nc6 5. Nf3 Nge7 6. g3 Nf5 7. Bh3 Nfd4 8. O-O
Nb4 9. Nxd4 cxd4 10. a3 dxc3 11. axb4 cxd2 12. Bxd2 Qb6+ 13. Kh1 Bxb4 14. c3
Be7 15. b4 Bd7 16. f5 exf5 17. Bxf5 Bc6 18. Kg2 g6 19. Bg4 h5 20. Bf3 O-O-O 21.
Qc1 a6 22. Be3 Qc7 23. Bd4 Rhf8 24. Qe3 Rde8 25. Rfb1 Bf6 26. Bb6 Qxe5 27. Qc5
Qxc3 28. Qxc3 Bxc3 29. Ra3 Bf6 30. Rd3 Re6 31. Rc1 Kb8 32. Bc5 Rd8 33. Rcd1 d4
34. Bxd4 Bxd4 35. Rxd4 Rxd4 36. Rxd4 Re2+ 37. Kf1 Bxf3 38. Rd3 Bg4 39. h3 Bf5
40. Kxe2 Bxd3+ 41. Kxd3 Kc7 42. Kd4 Kd6 43. Kc4 b6 44. Kd4 f6 45. Ke4 Kc6 46.
Kd4 a5 47. bxa5 bxa5 48. Kc4 Kd6 49. Kd4 a4 50. Kc4 Ke5 51. Kb4 Ke4 52. Kxa4
Kf3 53. Kb4 Kxg3 54. Kc4 Kxh3 55. Kd4 Kg2 56. Ke4 h4 0-1

[Event "DEM U18w 2003"]
[Site "Willingen GER"]
[Date "2003.06.12"]
[Round "7"]
[White "Stejskal, Janina Maria"]
[Black "Kopietz, Simone"]
[Result "1-0"]
[Termination "normal"]
[Board "10"]
[WhiteElo "1744"]
[BlackElo "1477"]
[PlyCount "51"]
[WhiteFideId "24601942"]
[EventCountry "GER"]
[EventRounds "9"]
[EventType "swiss"]
[EventDate "2003.06.07"]

1. e4 e5 2. Nf3 Nc6 3. d4 exd4 4. Nxd4 Bc5 5. Be3 Qf6 6. c3 Nge7 7. Bc4 Ne5 8.
Be2 Qg6 9. O-O d6 10. f4 Qxe4 11. Bf2 Bxd4 12. Bxd4 N5g6 13. Nd2 Qc6 14. Bf3
Qd7 15. Bxg7 Rg8 16. Ne4 Kd8 17. Nf6 Qb5 18. Nxg8 Nxg8 19. b3 Nxf4 20. Bd4 Qg5
21. Kh1 Nf6 22. Be3 N6h5 23. Qd2 Qe5 24. Rae1 f5 25. Bxh5 Nh3 26. Bg5+ 1-0

[Event "DEM U18w 2003"]
[Site "Willingen GER"]
[Date "2003.06.12"]
[Round "7"]
[White "Lobe, Sandra"]
[Black "Rath, Alina"]
[Result "1/2-1/2"]
[Termination "normal"]
[Board "11"]
[WhiteElo "1473"]
[BlackElo "1579"]
[PlyCount "82"]
[BlackFideId "24607886"]
[EventCountry "GER"]
[EventRounds "9"]
[EventType "swiss"]
[EventDate "2003.06.07"]

1. e4 c5 2. Nf3 Nc6 3. d4 cxd4 4. Nxd4 Nf6 5. Nc3 d6 6. Be3 Bd7 7. Qd2 Ng4 8.
Nxc6 Bxc6 9. Bf4 g6 10. f3 Nf6 11. O-O-O Qb6 12. Be3 Qc7 13. Nb5 Qb8 14. Qa5 b6
15. Qc3 Qb7 16. Nd4 Bd7 17. Bb5 Rc8 18. Bxd7+ Qxd7 19. Qb3 Bg7 20. g4 h5 21. g5
Nh7 22. f4 O-O 23. h4 Bxd4 24. Bxd4 Qe6 25. Qxe6 fxe6 26. Rhf1 Rc4 27. e5 Rd8
28. c3 Nf8 29. b3 Rc6 30. Kb2 Kf7 31. Rd3 Nd7 32. Rfd1 d5 33. Ka3 Rdc8 34. Kb2
Nc5 35. Bxc5 Rxc5 36. Rc1 b5 37. Rd4 Ke8 38. a4 Rb8 39. Ka3 Kd7 40. Kb4 Kc6 41.
a5 a6 1/2-1/2